[Event "Novi (Oct)"]
[Site "?"]
[Date "1994.??.??"]
[Round "?"]
[White "McGrath, Michael"]
[Black "Gabbara, Faris"]
[Result "0-1"]
[WhiteElo "1830"]
[BlackElo "2195"]
[PlyCount "94"]
[EventDate "1994.??.??"]

1. f4 c5 2. g3 Nc6 3. Bg2 g6 4. e4 Bg7 5. Nf3 d6 6. O-O Rb8 7. c3 c4 8. d4 cxd3
9. Qxd3 Nh6 10. Be3 Ng4 11. Nbd2 Nxe3 12. Qxe3 O-O 13. Nb3 b5 14. Nbd4 Qb6 15.
Nc2 Qxe3+ 16. Nxe3 b4 17. Rac1 bxc3 18. bxc3 Rb2 19. Rf2 Rxf2 20. Kxf2 Be6 21.
Nd5 Rb8 22. Rc2 h6 23. Ke3 Kf8 24. Nd4 Bxd5 25. exd5 Bxd4+ 26. cxd4 Nb4 27. Rc7
Nxa2 28. Rxa7 Rb3+ 29. Kf2 Rb2+ 30. Kg1 Nc3 31. Bf3 Rb4 32. Ra8+ Kg7 33. Ra5
Nb5 34. h3 Nxd4 35. Bg2 Rb3 36. g4 Ne2+ 37. Kh2 Nxf4 38. Bf1 Kf6 39. h4 Ke5 40.
Ra2 Re3 41. Rd2 Nxd5 42. Bc4 e6 43. Bxd5 exd5 44. g5 hxg5 45. hxg5 d4 46. Kg2
d3 47. Kf1 Ke4 0-1

[Event "Warren (Warmup"]
[Site "?"]
[Date "1994.??.??"]
[Round "?"]
[White "McGrath, Michael"]
[Black "Everett, Morgan"]
[Result "0-1"]
[WhiteElo "1830"]
[BlackElo "2150"]
[PlyCount "94"]
[EventDate "1994.??.??"]

1. f4 f5 2. b3 Nf6 3. Bb2 e6 4. Nf3 Be7 5. e3 O-O 6. Be2 d6 7. O-O Qe8 8. c4
Nbd7 9. Nc3 Qg6 10. Nb5 Bd8 11. Ng5 Nc5 12. d3 h6 13. Nf3 Bd7 14. Nbd4 a5 15.
Nh4 Qe8 16. Rf3 Ng4 17. Rh3 Nxe3 18. Rxe3 Bxh4 19. Rh3 Bf6 20. Bh5 Qd8 21. Bg6
Be8 22. Qh5 Bxg6 23. Qxg6 Qe8 24. Rxh6 Qxg6 25. Rxg6 Nxd3 26. Bc3 Nxf4 27. Rxf6
Rxf6 28. g3 Nh3+ 29. Kg2 Ng5 30. Re1 Ne4 31. Bb2 Rg6 32. Ne2 e5 33. Nc3 Nxc3
34. Bxc3 a4 35. b4 Re8 36. h3 f4 37. g4 e4 38. Kf2 Rh6 39. Rh1 g5 40. Kg2 Kf7
41. Rd1 e3 42. Rd5 e2 43. Rxg5 e1=Q 44. Rf5+ Kg6 45. Bxe1 Rxe1 46. Rxf4 Re2+
47. Kf3 Rxa2 0-1

[Event "Romulus (RVO/2/5)"]
[Site "?"]
[Date "1994.??.??"]
[Round "?"]
[White "McGrath, Michael"]
[Black "Everett, Morgan"]
[Result "0-1"]
[WhiteElo "1830"]
[BlackElo "2150"]
[PlyCount "134"]
[EventDate "1994.??.??"]

{2/(5)} 1. f4 Nf6 2. b3 e6 3. Bb2 Be7 4. Nf3 O-O 5. e3 b6 6. Bd3 Ba6 7. c4 d5
8. O-O Nbd7 9. Nc3 Nc5 10. Be2 dxc4 11. bxc4 Bb7 12. d4 Nce4 13. Bd3 Bb4 14.
Nxe4 Bxe4 15. Ng5 Bxd3 16. Qxd3 h6 17. Ne4 Nxe4 18. Qxe4 Be7 19. Rf3 Bf6 20. g4
g6 21. Rh3 Bg7 22. Rb1 Qd7 23. Qf3 Rad8 24. Qg3 Qe7 25. f5 exf5 26. gxf5 Qg5
27. Qxg5 hxg5 28. fxg6 fxg6 29. d5 Rde8 30. Bxg7 Kxg7 31. Rb3 Re4 32. Rc3 Rf5
33. Kg2 g4 34. Rg3 Kf6 35. h3 gxh3+ 36. Rxh3 Ke5 37. Rg3 g5 38. Rf3 Rxf3 39.
Kxf3 g4+ 40. Kf2 Kd6 41. Ke2 Re7 42. Rc1 Rg7 43. Rg1 Ke5 44. Kd3 g3 45. Rg2 Kf5
46. a3 a5 47. a4 Kg4 48. Ke2 Kh3 49. Kf1 Rg4 50. Re2 Rxc4 51. Re1 Re4 52. Rc1
Rxe3 53. Rxc7 Rd3 54. Rh7+ Kg4 55. Rg7+ Kf3 56. Rf7+ Ke4 57. Rf6 Rxd5 58. Rxb6
Rg5 59. Kg2 Kd4 60. Rb8 Ke4 61. Rb7 Kf4 62. Rb5 Rxb5 63. axb5 Ke5 64. Kxg3 a4
65. Kf3 a3 66. Ke3 a2 67. Kd3 a1=Q 0-1

[Event "Warren (Warmup"]
[Site "?"]
[Date "1994.??.??"]
[Round "?"]
[White "McGrath, Michael"]
[Black "Drkulec, Vladimir"]
[Result "0-1"]
[WhiteElo "1830"]
[BlackElo "2225"]
[PlyCount "38"]
[EventDate "1994.??.??"]

1. f4 d5 2. Nf3 g6 3. e3 Bg7 4. Nc3 Nh6 5. b3 O-O 6. Bb2 c5 7. Ne5 b6 8. Bd3
Bb7 9. O-O Nd7 10. Nf3 e5 11. fxe5 Nxe5 12. Nxe5 Bxe5 13. Na4 d4 14. exd4 Bxh2+
15. Kxh2 Qh4+ 16. Kg1 Ng4 17. Rf3 Qh2+ 18. Kf1 Qh1+ 19. Ke2 Qxg2+ 0-1

[Event "Detroit (Class B/3/3)"]
[Site "?"]
[Date "1994.??.??"]
[Round "?"]
[White "McGrath, Michael"]
[Black "Calton, David A"]
[Result "1-0"]
[WhiteElo "1690"]
[BlackElo "1740"]
[PlyCount "118"]
[EventDate "1994.??.??"]

{3/(3)} 1. e4 e5 2. Nf3 Nf6 3. d4 exd4 4. e5 Nd5 5. Qxd4 Nb6 6. Nc3 Nc6 7. Qe4
Be7 8. Bd2 d5 9. exd6 Qxd6 10. O-O-O Qe6 11. Ng5 Qxe4 12. Ngxe4 Bf5 13. Ng3 Be6
14. Bf4 Rc8 15. Bb5 O-O 16. Rhe1 Bf6 17. Nge4 Be5 18. Be3 Nb4 19. a3 N4d5 20.
Nxd5 Nxd5 21. Bc5 Bf4+ 22. Kb1 Rfd8 23. g3 Bh6 24. f4 a6 25. Be2 Bf5 26. Bf3 c6
27. Nd6 Rxd6 28. Bxd6 Be6 29. Bxd5 Bxd5 30. Re7 b5 31. Rde1 f5 32. Re8+ Rxe8
33. Rxe8+ Kf7 34. Ra8 Ke6 35. Bc5 g5 36. fxg5 Bxg5 37. Rxa6 h5 38. a4 bxa4 39.
Rxa4 Be4 40. Rd4 Be3 41. Rd6+ Ke5 42. Rxc6 Bxc6 43. Bxe3 Ke4 44. Bf4 Kf3 45. h4
Ke4 46. c4 Kd4 47. b3 Kc3 48. Ka2 Be4 49. Ka3 Kd4 50. Kb4 Bc6 51. Bd6 Bd7 52.
c5 Kd5 53. Ka5 Kc6 54. b4 Be6 55. b5+ Kb7 56. c6+ Ka8 57. b6 Bc8 58. b7+ Bxb7
59. cxb7+ Kxb7 1-0

[Event "Detroit (MOR/5/29)"]
[Site "?"]
[Date "1994.??.??"]
[Round "?"]
[White "McGrath, Michael"]
[Black "Boyle, John"]
[Result "1-0"]
[WhiteElo "1745"]
[BlackElo "1605"]
[PlyCount "120"]
[EventDate "1994.??.??"]

{5/(29)} 1. f4 c5 2. b3 d6 3. e3 Nf6 4. Bb2 g6 5. Nc3 Bg7 6. Nd5 O-O 7. Nxf6+
exf6 8. Qf3 Nc6 9. h4 h5 10. O-O-O Bg4 11. Qg3 Bxd1 12. Kxd1 f5 13. Bxg7 Kxg7
14. Be2 Kh7 15. Nh3 Qf6 16. c3 a6 17. Qf3 Rac8 18. Qd5 Kg7 19. Ng5 b5 20. Rh3
Ne7 21. Qb7 Rc6 22. Bf3 d5 23. Rg3 Kh6 24. c4 Qd6 25. cxb5 Rb6 26. Qa7 Rxb5 27.
Bxd5 Qxd5 28. Qxe7 Rbb8 29. e4 fxe4 30. Nxe4 Rbe8 31. Qg5+ Qxg5 32. hxg5+ Kg7
33. Nxc5 a5 34. d4 Rc8 35. Kd2 Rfd8 36. Rd3 Rc6 37. Kc3 f6 38. gxf6+ Kxf6 39.
Kc4 Ke7 40. Re3+ Kd6 41. Re6+ Kc7 42. Re7+ Kc8 43. d5 Rf6 44. Ne6 Rd7 45. Re8+
Kb7 46. Nc5+ Kc7 47. Nxd7 Kxd7 48. Re4 Kd6 49. Re6+ Rxe6 50. dxe6 Kxe6 51. Kd4
h4 52. Ke4 Kd6 53. f5 gxf5+ 54. Kxf5 Kc5 55. a3 Kd4 56. b4 a4 57. Kg4 Kc4 58.
Kxh4 Kb3 59. b5 Kxa3 60. b6 Ka2 1-0

[Event "Detroit (MCO/A/4/11)"]
[Site "?"]
[Date "1994.??.??"]
[Round "?"]
[White "McGrath, Michael"]
[Black "Bauerle, Paul"]
[Result "0-1"]
[WhiteElo "1830"]
[BlackElo "1950"]
[PlyCount "60"]
[EventDate "1994.??.??"]

{4/(11)} 1. f4 f5 2. e4 fxe4 3. Qh5+ g6 4. Qe5 Nf6 5. g4 Nc6 6. Qc3 Rg8 7. Bc4
d5 8. g5 Nh5 9. Bb5 Bd7 10. d3 e6 11. Bxc6 Bxc6 12. dxe4 dxe4 13. Qe3 Bd6 14.
Ne2 Rf8 15. Rf1 Qe7 16. Nbc3 Bc5 17. Qh3 O-O-O 18. Be3 Bxe3 19. Qxe3 Kb8 20.
Nd4 Bd5 21. O-O-O c6 22. Nxe4 e5 23. Nc3 Nxf4 24. Nf3 Bxf3 25. Rxd8+ Rxd8 26.
Rxf3 Qxg5 27. h4 Qh5 28. Ne4 Qxh4 29. Nf2 Qg5 30. Ne4 Ne2+ 0-1

[Event "Trenton (Oct)"]
[Site "?"]
[Date "1994.??.??"]
[Round "?"]
[White "McGinniss, M."]
[Black "Marson, Michael"]
[Result "1-0"]
[WhiteElo "1605"]
[BlackElo "1605"]
[PlyCount "71"]
[EventDate "1994.??.??"]

1. e4 e6 2. d4 d5 3. e5 c5 4. Bb5+ Bd7 5. Bxd7+ Nxd7 6. c3 cxd4 7. cxd4 Bb4+ 8.
Bd2 Qa5 9. Bxb4 Qxb4+ 10. Qd2 Qxd2+ 11. Nxd2 Rc8 12. Ngf3 f6 13. O-O Ne7 14.
Rac1 O-O 15. Nb3 b6 16. Rc3 Rxc3 17. bxc3 fxe5 18. dxe5 Ng6 19. Re1 Rc8 20.
Nbd4 Rxc3 21. Nxe6 Ngxe5 22. Nxe5 Nxe5 23. f4 Nd3 24. Rd1 Rc1 25. Rxc1 Nxc1 26.
a3 Kf7 27. Nd4 Ne2+ 28. Nxe2 Kf6 29. g4 g5 30. fxg5+ Kxg5 31. h3 h5 32. gxh5
Kxh5 33. Kg2 a6 34. Nf4+ Kh4 35. Nxd5 b5 36. Nc7 1-0

[Event "Eastpointe (US Am N/3/22)"]
[Site "?"]
[Date "1994.??.??"]
[Round "?"]
[White "McGary, F."]
[Black "West, Tony"]
[Result "0-1"]
[WhiteElo "1725"]
[BlackElo "1605"]
[PlyCount "72"]
[EventDate "1994.??.??"]

{3/(22)} 1. e4 c5 2. c3 Nc6 3. d4 cxd4 4. cxd4 e6 5. Nf3 Bb4+ 6. Bd2 Qa5 7. Nc3
Qb6 8. a3 Be7 9. Na4 Qd8 10. b4 a6 11. Bd3 Nf6 12. O-O O-O 13. Rc1 d5 14. exd5
Nxd5 15. Nc3 Nf6 16. Be3 Re8 17. Bb1 Bd7 18. Qc2 b5 19. d5 exd5 20. Nxd5 g6 21.
Nxe7+ Nxe7 22. Qb2 Nfd5 23. Bd4 Nf5 24. Bh8 f6 25. Rcd1 Be6 26. Rxd5 Bxd5 27.
Bxf6 Qd7 28. Rd1 Qb7 29. Bxf5 Bxf3 30. gxf3 Qxf3 31. Qa2+ Kf8 32. Bg7+ Kxg7 33.
Rd7+ Kf6 34. Qb2+ Re5 35. Bxg6 Qg4+ 36. Kh1 Qxd7 0-1

[Event "Eastpointe (US Am N/1b/21)"]
[Site "?"]
[Date "1994.??.??"]
[Round "?"]
[White "McGary, F."]
[Black "Prince, S."]
[Result "1-0"]
[WhiteElo "1725"]
[BlackElo "1605"]
[PlyCount "65"]
[EventDate "1994.??.??"]

1. e4 c5 2. c3 Nc6 3. d4 cxd4 4. cxd4 e6 5. Nf3 Nf6 6. Nc3 Bb4 7. Bd3 Bxc3+ 8.
bxc3 O-O 9. O-O d6 10. Qc2 e5 11. d5 Ne7 12. c4 b6 13. Ba3 Qc7 14. Qa4 Bd7 15.
Qb4 Qc5 16. Qb2 Qc7 17. Nd2 Be8 18. Rab1 Nd7 19. f4 Nc5 20. Bxc5 bxc5 21. fxe5
dxe5 22. Qb7 Qd6 23. Qxa8 Nc6 24. Qb7 Bd7 25. Qb3 Nd4 26. Qd1 Qg6 27. Nf3 Bh3
28. Rf2 Bg4 29. Nxe5 Bxd1 30. Nxg6 hxg6 31. Rxd1 f6 32. Rdf1 Rb8 33. Rb1 1-0

[Event "Eastpointe (US Am N/5/32)"]
[Site "?"]
[Date "1994.??.??"]
[Round "?"]
[White "McGary, F."]
[Black "Melton, J."]
[Result "1-0"]
[WhiteElo "1725"]
[BlackElo "1605"]
[PlyCount "111"]
[EventDate "1994.??.??"]

{5/(32)} 1. e4 e5 2. Nf3 Nc6 3. Bb5 d6 4. Bxc6+ bxc6 5. O-O Nf6 6. Re1 Bg4 7.
d3 d5 8. exd5 cxd5 9. Rxe5+ Be7 10. h3 Be6 11. Re1 Bd6 12. Nd4 Qd7 13. Nxe6
fxe6 14. Nd2 O-O 15. Nf3 Rae8 16. Bd2 e5 17. c3 e4 18. dxe4 Nxe4 19. Be3 Bf4
20. c4 c6 21. cxd5 cxd5 22. Qd3 Bxe3 23. Rxe3 Nc5 24. Qc2 Rxe3 25. fxe3 Ne4 26.
Rd1 h6 27. Qb3 Nf6 28. Rd4 Rd8 29. e4 Nxe4 30. Rxe4 Qf5 31. Rd4 Kh7 32. Qd3
Qxd3 33. Rxd3 g5 34. g4 Rf8 35. Kg2 Rd8 36. b4 a6 37. a4 Rb8 38. Rd4 Rd8 39. h4
gxh4 40. Nxh4 Rd7 41. Kf3 Rf7+ 42. Ke3 Rd7 43. Kf4 Rd8 44. Ke5 h5 45. gxh5 Kh6
46. Rxd5 Re8+ 47. Kd4 Rb8 48. Kc4 Rg8 49. Nf5+ Kh7 50. Rd7+ Kh8 51. h6 Rc8+ 52.
Kd5 Rf8 53. Ke6 Rb8 54. Nh4 Rxb4 55. Ng6+ Kg8 56. h7# 1-0

[Event "Detroit (MCO/C/3b/3)"]
[Site "?"]
[Date "1994.??.??"]
[Round "?"]
[White "McFolley, John"]
[Black "Wheeler, R."]
[Result "0-1"]
[WhiteElo "1605"]
[BlackElo "1605"]
[PlyCount "51"]
[EventDate "1994.??.??"]

1. e4 e5 2. Nf3 d5 3. exd5 e4 4. Ne5 Bd6 5. d4 Nf6 6. Nc3 O-O 7. Bg5 h6 8. Bxf6
Qxf6 9. Be2 Bxe5 10. dxe5 Qxe5 11. Qd2 Nd7 12. Qe3 f5 13. O-O-O Nf6 14. f3 f4
15. Qd4 Qxd4 16. Rxd4 exf3 17. Bxf3 g5 18. h4 g4 19. Be2 Nh5 20. d6 cxd6 21.
Rxd6 Ng3 22. Bc4+ Kg7 23. Re1 Nf5 24. Rd5 Ne3 25. Rd4 Bf5 26. Re2 0-1

[Event "Detroit (MCO/C/1b/1)"]
[Site "?"]
[Date "1994.??.??"]
[Round "?"]
[White "McFolley, John"]
[Black "Waller, A."]
[Result "0-1"]
[WhiteElo "1605"]
[BlackElo "1605"]
[PlyCount "84"]
[EventDate "1994.??.??"]

1. e4 c6 2. Nf3 d5 3. exd5 cxd5 4. Be2 Bg4 5. d3 Nc6 6. O-O e6 7. Bf4 Nf6 8.
Nbd2 Be7 9. a3 O-O 10. h3 Bxf3 11. Nxf3 Qb6 12. Qd2 Rac8 13. b4 Nd4 14. Nxd4
Qxd4 15. c4 dxc4 16. dxc4 Qxd2 17. Bxd2 Rfd8 18. Be3 b6 19. Rac1 Ne4 20. f3 Ng3
21. Rfe1 Nxe2+ 22. Rxe2 Rd3 23. c5 bxc5 24. Bxc5 Rxa3 25. Rec2 Bxc5+ 26. Rxc5
Rxc5 27. Rxc5 g6 28. Ra5 Rxa5 29. bxa5 Kg7 30. Kf2 Kf6 31. f4 e5 32. Ke3 exf4+
33. Kxf4 h6 34. h4 Ke6 35. Ke4 f5+ 36. Kf4 Kf6 37. g3 g5+ 38. Kf3 gxh4 39. gxh4
Ke5 40. a6 f4 41. Ke2 Kf5 42. Kf3 h5 0-1

[Event "Detroit (WCO/4/8)"]
[Site "?"]
[Date "1994.??.??"]
[Round "?"]
[White "McFolley, John"]
[Black "Walker, LeRoy"]
[Result "0-1"]
[WhiteElo "1605"]
[BlackElo "1815"]
[PlyCount "70"]
[EventDate "1994.??.??"]

{4/(8)} 1. e4 c6 2. Nc3 g6 3. Nf3 Bg7 4. Bc4 e6 5. d3 Ne7 6. Bg5 d5 7. exd5
cxd5 8. Bb3 Qa5 9. O-O Nbc6 10. Qd2 Nf5 11. Rfe1 O-O 12. a3 Bd7 13. Ba2 Rac8
14. b4 Qc7 15. Ne2 Bxa1 16. Rxa1 Ne5 17. Nxe5 Qxe5 18. d4 Qc7 19. Bb3 f6 20.
Bf4 Qb6 21. g4 Nd6 22. h4 Bb5 23. Ng3 Bc4 24. Qe3 Kf7 25. Re1 Rfe8 26. Bh6 Nb5
27. g5 Qxd4 28. Qf3 f5 29. h5 Bxb3 30. cxb3 Rc3 31. hxg6+ hxg6 32. Qe2 Rxg3+
33. Kf1 Rd3 34. Bg7 Kxg7 35. Qc2 Rd2 0-1

[Event "Detroit (MOR/3/18)"]
[Site "?"]
[Date "1994.??.??"]
[Round "?"]
[White "McFolley, John"]
[Black "Velasquez, A."]
[Result "0-1"]
[WhiteElo "1605"]
[BlackElo "1690"]
[PlyCount "102"]
[EventDate "1994.??.??"]

{3/(18)} 1. e4 c5 2. d4 cxd4 3. c3 dxc3 4. Nxc3 Nc6 5. Bc4 e6 6. Nf3 d6 7. O-O
Be7 8. Qe2 Bd7 9. Rd1 a6 10. Bf4 e5 11. Be3 Nf6 12. Rac1 O-O 13. Bg5 Bg4 14.
Qe3 Rb8 15. Rd2 Bxf3 16. Qxf3 Nd4 17. Qd3 b5 18. Bxf6 Bxf6 19. Bd5 Bg5 20. Rcd1
Bxd2 21. Qxd2 Qa5 22. a3 Rfc8 23. f4 Rc7 24. f5 Rbc8 25. f6 Qb6 26. Kh1 a5 27.
Qg5 Ne6 28. Qg4 Re8 29. Rd3 Qf2 30. Rd1 Qxf6 31. Nxb5 Rc2 32. Nxd6 Re7 33. Nf5
Rec7 34. Bxe6 fxe6 35. Nh6+ Kf8 36. Nf5 exf5 37. Qf3 Rc1 38. exf5 Rxd1+ 39.
Qxd1 Ke7 40. h3 Qxf5 41. Qe1 g5 42. b4 Qf4 43. g3 Qf3+ 44. Kg1 Ke6 45. Qf1
Qxg3+ 46. Kh1 Rc2 47. Qa6+ Kf5 48. Qf1+ Rf2 49. Qb1+ e4 50. Qxe4+ Kxe4 51. bxa5
Qh2# 0-1

[Event "Detroit (Class C/4/4)"]
[Site "?"]
[Date "1994.??.??"]
[Round "?"]
[White "McFolley, John"]
[Black "Stockton, T."]
[Result "0-1"]
[WhiteElo "1605"]
[BlackElo "1605"]
[PlyCount "120"]
[EventDate "1994.??.??"]

{4/(4)} 1. e4 e5 2. Nf3 Nc6 3. Nc3 Nf6 4. Bb5 Bb4 5. O-O O-O 6. Bxc6 bxc6 7. d3
d6 8. h3 h6 9. a3 Ba5 10. b4 Bb6 11. Re1 Re8 12. d4 exd4 13. Nxd4 Bd7 14. Nf3
a5 15. bxa5 Bxa5 16. Qd3 Bxc3 17. Qxc3 Nxe4 18. Qd4 Nf6 19. Bb2 Re6 20. g4 Ra5
21. h4 c5 22. Qc3 Ra4 23. g5 hxg5 24. Nxg5 Rg4+ 25. Kh2 Rxe1 26. Rxe1 Rxh4+ 27.
Kg3 Rg4+ 28. Kh2 Rxg5 29. Rg1 Ng4+ 30. Kg2 Ne5+ 31. Kh1 Rh5+ 32. Kg2 Qg5+ 33.
Qg3 Bc6+ 34. Kf1 Qxg3 35. Rxg3 Rh1+ 36. Ke2 Bb5+ 37. Kd2 Nc4+ 38. Kc3 Rb1 39.
a4 Ba6 40. Rg4 Nxb2 41. a5 Nd1+ 42. Kd2 Nxf2 43. Rf4 Nh3 44. Re4 Rd1+ 45. Kc3
Kf8 46. Rh4 Nf2 47. Rh8+ Ke7 48. Ra8 Bb5 49. Kb2 Bc6 50. Rb8 Rd4 51. a6 Rb4+
52. Rxb4 cxb4 53. Kb3 g5 54. Kxb4 g4 55. a7 g3 56. c4 g2 57. c5 g1=Q 58. cxd6+
cxd6 59. a8=Q Bxa8 60. Kb3 Qc1 0-1

[Event "Eastpointe (US Am N/3/18)"]
[Site "?"]
[Date "1994.??.??"]
[Round "?"]
[White "McFolley, John"]
[Black "Reeves, Andre"]
[Result "0-1"]
[WhiteElo "1605"]
[BlackElo "1765"]
[PlyCount "88"]
[EventDate "1994.??.??"]

{3/(18)} 1. e4 e6 2. d4 d5 3. exd5 exd5 4. Nf3 Bd6 5. Bd3 Nc6 6. O-O Bg4 7. Be3
Qd7 8. Nbd2 Nge7 9. c3 O-O-O 10. a4 h6 11. b4 f5 12. Nb3 f4 13. Bd2 g5 14. b5
Nb8 15. Nc5 Qe8 16. a5 Qh5 17. a6 b6 18. Nb7 Bxf3 19. Qxf3 Qxf3 20. gxf3 h5 21.
Nxd8 Kxd8 22. Kg2 Nd7 23. Rh1 Nf6 24. Kf1 g4 25. fxg4 hxg4 26. Ke1 g3 27. f3
Nh5 28. Ra2 Ng7 29. Bc1 Nef5 30. Kf1 Kd7 31. Re2 Rg8 32. Ra2 gxh2 33. Rhxh2
Ng3+ 34. Kf2 N7h5 35. Bf5+ Ke7 36. Ba3 Bxa3 37. Rxa3 Nxf5 38. Rxh5 Ne3 39. Rh2
Nc2 40. Ra2 Ne3 41. Rh7+ Kd6 42. Rh6+ Kd7 43. Rc6 Rg2+ 44. Ke1 Rg1+ 0-1

[Event "Detroit (MOR/1b/25)"]
[Site "?"]
[Date "1994.??.??"]
[Round "?"]
[White "McFolley, John"]
[Black "Paul, Dennis"]
[Result "1-0"]
[WhiteElo "1605"]
[BlackElo "1605"]
[PlyCount "105"]
[EventDate "1994.??.??"]

1. e4 e5 2. Nf3 Nf6 3. Nxe5 Nxe4 4. Qe2 d5 5. d3 Qf6 6. Nf3 Bf5 7. dxe4 Bxe4 8.
Qe3 Be7 9. Bd3 Bxd3 10. Qxd3 c6 11. O-O O-O 12. Re1 Bc5 13. Nc3 Nd7 14. Bg5 Qd6
15. Be7 Qf4 16. Bxf8 Rxf8 17. Qd2 Qg4 18. Qg5 Qb4 19. Rab1 Qb6 20. Re2 Qa6 21.
Nh4 d4 22. Nf5 g6 23. Rd2 Re8 24. Nxd4 f6 25. Qh6 Bf8 26. Qh3 Nc5 27. Qf3 Bg7
28. Re2 Rxe2 29. Qxe2 Qxe2 30. Ndxe2 f5 31. Rd1 Ne6 32. Rd7 Bf6 33. Rxb7 Be5
34. Re7 Nd4 35. Rxe5 Nxc2 36. a3 Kf7 37. Rc5 Kg7 38. Rxc6 Kh6 39. Nb5 Ne1 40.
Nxa7 Nd3 41. b4 Ne5 42. b5 Nd7 43. b6 Nb8 44. b7 Kg5 45. Rc8 Na6 46. b8=Q Nxb8
47. Rxb8 Kh6 48. Nc6 Kg7 49. a4 Kf6 50. a5 Kg5 51. a6 h5 52. a7 h4 53. a8=Q 1-0

[Event "Detroit (Class C/2/12)"]
[Site "?"]
[Date "1994.??.??"]
[Round "?"]
[White "McFolley, John"]
[Black "Nikitin, M."]
[Result "1-0"]
[WhiteElo "1605"]
[BlackElo "1605"]
[PlyCount "77"]
[EventDate "1994.??.??"]

{2/(12)} 1. e4 e6 2. d4 d5 3. exd5 exd5 4. Nf3 Nf6 5. Be2 Nc6 6. O-O Bf5 7. c4
Qd7 8. cxd5 Nxd5 9. Nc3 h6 10. Bb5 f6 11. Nxd5 Qxd5 12. Qe2+ Kd8 13. Re1 Bb4
14. Bxc6 Qxc6 15. Bd2 Bxd2 16. Qxd2 Re8 17. Rac1 Rxe1+ 18. Qxe1 Qe6 19. Qb4 Qe7
20. Qxe7+ Kxe7 21. Rxc7+ Kf8 22. Rxb7 Rc8 23. h3 Rc1+ 24. Kh2 Rc2 25. Kg3 g5
26. d5 Be4 27. Nd4 Rd2 28. Ne6+ Kg8 29. Nc7 h5 30. f3 h4+ 31. Kg4 Rxg2+ 32. Kh5
Bxf3+ 33. Kg6 Be4+ 34. Kxf6 Rf2+ 35. Kxg5 Rf5+ 36. Kxh4 Rf4+ 37. Kg3 Rf3+ 38.
Kg4 Rd3 39. Rxa7 1-0

[Event "Detroit (MOR/6/17)"]
[Site "?"]
[Date "1994.??.??"]
[Round "?"]
[White "McFolley, John"]
[Black "Marinelli, Philip"]
[Result "0-1"]
[WhiteElo "1605"]
[BlackElo "1685"]
[PlyCount "37"]
[EventDate "1994.??.??"]

{6/(17)} 1. e4 c5 2. d4 cxd4 3. c3 d3 4. Bxd3 Nc6 5. Nf3 d6 6. O-O g6 7. Bc4
Bg7 8. Ng5 Nh6 9. Qe2 O-O 10. f4 Qc7 11. f5 Ne5 12. Bb3 a5 13. fxg6 hxg6 14.
Bc2 b6 15. Na3 Ba6 16. Nb5 Qc5+ 17. Qe3 Qxb5 18. Qf4 Neg4 19. Rf3 0-1

[Event "Detroit (WCO/1/12)"]
[Site "?"]
[Date "1994.??.??"]
[Round "?"]
[White "McFolley, John"]
[Black "Jackson, K."]
[Result "1-0"]
[WhiteElo "1605"]
[BlackElo "1605"]
[PlyCount "73"]
[EventDate "1994.??.??"]

{1/(12)} 1. e4 d5 2. exd5 Qxd5 3. Nc3 Qa5 4. Nf3 c6 5. Be2 Nf6 6. h3 e6 7. a3
Be7 8. O-O O-O 9. d4 Nbd7 10. Bg5 e5 11. dxe5 Nxe5 12. Nxe5 Qxe5 13. Bxf6 Bxf6
14. Bg4 Bxg4 15. Qxg4 Be7 16. Rfe1 Qc5 17. Qd7 Bh4 18. Re3 Bg5 19. Re2 f5 20.
Rae1 h6 21. Re5 Rad8 22. Qe6+ Kh8 23. Rxc5 Bd2 24. Rd1 Bg5 25. Rxd8 Rxd8 26.
Rxf5 Bc1 27. Qe7 Rc8 28. Rf8+ Rxf8 29. Qxf8+ Kh7 30. Ne4 Bxb2 31. h4 Bc1 32. h5
b5 33. Nd6 Bxa3 34. Qf5+ Kg8 35. Qc8+ Kh7 36. Nf7 a5 37. Qh8# 1-0

[Event "Detroit (MCO/C/5/10)"]
[Site "?"]
[Date "1994.??.??"]
[Round "?"]
[White "McFolley, John"]
[Black "Hartwig, Thomas"]
[Result "1/2-1/2"]
[WhiteElo "1605"]
[BlackElo "1605"]
[PlyCount "102"]
[EventDate "1994.??.??"]

{5/(10)} 1. e4 c5 2. d4 cxd4 3. c3 dxc3 4. Nxc3 d6 5. Nf3 Nf6 6. Bc4 a6 7. e5
Ng4 8. h3 Qc7 9. Bxf7+ Kxf7 10. Ng5+ Ke8 11. hxg4 dxe5 12. Nxh7 Qc4 13. Nf6+
exf6 14. Rxh8 Bxg4 15. Qd6 Nd7 16. a3 Kf7 17. Qd5+ Qxd5 18. Nxd5 Be6 19. Nc3
Nc5 20. Kf1 Bc4+ 21. Kg1 Nd3 22. Rh4 Bc5 23. Kh2 Bd4 24. Rb1 Nxc1 25. Rxc1 Bxc3
26. Rxc4 Bxb2 27. Rb1 Rh8+ 28. Kg3 Bd4 29. Rxb7+ Kg6 30. Rcc7 Rh7 31. Rd7 f5
32. Rxd4 exd4 33. Rd7 Kg5 34. Rxd4 Rh6 35. f4+ Kh5 36. Rd5 Rf6 37. Kf3 g5 38.
fxg5 Kxg5 39. g4 Kg6 40. gxf5+ Rxf5+ 41. Ke4 Rxd5 42. Kxd5 Kf5 43. Kc5 Ke5 44.
Kb6 Kd6 45. a4 a5 46. Kxa5 Kc7 47. Ka6 Kb8 48. Kb6 Ka8 49. a5 Kb8 50. a6 Ka8
51. Kb5 Kb8 1/2-1/2

[Event "Eastpointe (US Am N/5/34)"]
[Site "?"]
[Date "1994.??.??"]
[Round "?"]
[White "McFolley, John"]
[Black "Carpenter, O."]
[Result "1/2-1/2"]
[WhiteElo "1605"]
[BlackElo "1605"]
[PlyCount "47"]
[EventDate "1994.??.??"]

{5/(34)} 1. e4 c5 2. Bc4 d6 3. Nf3 e6 4. d3 Nf6 5. Bg5 Be7 6. Nc3 a6 7. a3 b5
8. Ba2 h6 9. Bh4 Nc6 10. Qd2 Bb7 11. O-O Qb6 12. Qf4 g5 13. Nxg5 hxg5 14. Bxg5
Nh5 15. Qh4 Bxg5 16. Qxg5 Kd7 17. Qe3 Nd4 18. Rac1 Rag8 19. b4 Nf5 20. Qd2 Nd4
21. Qe3 Qd8 22. bxc5 dxc5 23. f4 Qh4 24. Rf2 1/2-1/2

[Event "Eastpointe (US Am N/1a/5)"]
[Site "?"]
[Date "1994.??.??"]
[Round "?"]
[White "McFolley, John"]
[Black "Bailey, Greg"]
[Result "0-1"]
[WhiteElo "1605"]
[BlackElo "2065"]
[PlyCount "98"]
[EventDate "1994.??.??"]

1. e4 e6 2. d4 d5 3. exd5 exd5 4. h3 Bd6 5. Nf3 Ne7 6. Bd3 O-O 7. O-O Nd7 8.
Be3 Re8 9. Nbd2 Nf8 10. c3 Nf5 11. Qc2 Nxe3 12. fxe3 Rxe3 13. Nb3 Qe7 14. Rae1
Bg3 15. Rxe3 Qxe3+ 16. Kh1 b6 17. Qe2 Qxe2 18. Bxe2 f6 19. Nh2 Ng6 20. Rf3 Bd6
21. Bb5 Bb7 22. Re3 c6 23. Bd3 Kf7 24. Nf3 Re8 25. Rxe8 Kxe8 26. h4 Kf7 27. h5
Nf4 28. Bxh7 Nxh5 29. Kg1 g6 30. Nh4 Nf4 31. g3 Kg7 32. gxf4 Kxh7 33. Ng2 Bc8
34. Nc1 Bh3 35. Ne2 g5 36. fxg5 fxg5 37. Kf2 Bxg2 38. Kxg2 Kg6 39. Kf3 Kf5 40.
Nc1 g4+ 41. Ke2 Ke4 42. Nd3 Bg3 43. Nb4 c5 44. dxc5 bxc5 45. Nd3 Bd6 46. b4
cxb4 47. cxb4 Kd4 48. Kd2 g3 49. Ne1 Bxb4+ 0-1

[Event "Detroit (Class C/1/4)"]
[Site "?"]
[Date "1994.??.??"]
[Round "?"]
[White "McFolley, John"]
[Black "Asbury, Victor"]
[Result "1/2-1/2"]
[WhiteElo "1605"]
[BlackElo "1605"]
[PlyCount "69"]
[EventDate "1994.??.??"]

{1/(4)} 1. e4 c5 2. Nf3 Nc6 3. Bc4 e6 4. Nc3 a6 5. a4 g6 6. d4 cxd4 7. Nxd4 Bg7
8. Nxc6 bxc6 9. Bd2 Ne7 10. O-O O-O 11. Rb1 f5 12. Bg5 fxe4 13. Bxe6+ dxe6 14.
Qxd8 Rxd8 15. Bxe7 Rd7 16. Bg5 Bxc3 17. bxc3 Bb7 18. Rfe1 c5 19. Rbd1 Rd5 20.
Be7 c4 21. h3 Rxd1 22. Rxd1 Bd5 23. Rb1 Re8 24. Bg5 h5 25. Rb6 Ra8 26. a5 Kf7
27. Rd6 Ke8 28. Kh2 Bb7 29. Bf6 Rc8 30. Bd4 Rc6 31. Rxc6 Bxc6 32. Kg3 Ba4 33.
Kf4 Bxc2 34. Ke5 Kd7 35. Kf6 1/2-1/2

[Event "Detroit (MOR/5/25)"]
[Site "?"]
[Date "1994.??.??"]
[Round "?"]
[White "McFolley, John"]
[Black "Alliston, Richard"]
[Result "1-0"]
[WhiteElo "1605"]
[BlackElo "1610"]
[PlyCount "85"]
[EventDate "1994.??.??"]

{5/(25)} 1. e4 e5 2. Nf3 d6 3. Bc4 h6 4. d4 exd4 5. Nxd4 Bd7 6. O-O Nf6 7. Nc3
Be7 8. Nd5 Nxd5 9. Bxd5 c6 10. Bb3 O-O 11. Qf3 Bf6 12. Nf5 Bxf5 13. Qxf5 Nd7
14. c3 Ne5 15. Bc2 Re8 16. Rd1 Ng6 17. Bf4 Be5 18. Be3 Re6 19. Qg4 Rf6 20. Bd4
Rf4 21. Qe2 Rf6 22. Bxe5 Nxe5 23. Rd2 Qe7 24. Rad1 Rd8 25. f3 g5 26. c4 c5 27.
Rd5 Nc6 28. R5d2 Nd4 29. Qe3 a6 30. Rxd4 cxd4 31. Qxd4 Re6 32. b4 f5 33. c5
fxe4 34. Bb3 d5 35. Bxd5 Kh7 36. fxe4 Re5 37. Rf1 Rd7 38. Rf7+ Qxf7 39. Qxe5
Re7 40. Bxf7 Rxe5 41. Bd5 Kg7 42. Bxb7 a5 43. c6 1-0

[Event "Novi (MI Women/2/6)"]
[Site "?"]
[Date "1994.??.??"]
[Round "?"]
[White "McFolley, D."]
[Black "Venia, S."]
[Result "0-1"]
[WhiteElo "1605"]
[BlackElo "1605"]
[PlyCount "28"]
[EventDate "1994.??.??"]

{2/(6)} 1. e4 e6 2. Nf3 d5 3. d3 Nf6 4. c3 c5 5. Na3 Nc6 6. Be3 Bd7 7. Qa4 Na5
8. Qd1 c4 9. Be2 b6 10. Nh4 Bc5 11. dxc4 Bxe3 12. fxe3 Nxe4 13. cxd5 Qxh4+ 14.
Kf1 Qf2# 0-1